000 00615nam a2200193Ia 4500
005 20250923145302.0
008 008 250917s9999 xx 000 0 eng d
037 _aTextual
040 _aDSWL
_beng
_cDSWL
041 _aeng
_2eng
084 _aY217.B'C, N72:1
_qDSWL
100 _aSastri, Haramba Chatterjee
_9833686
245 0 _aSocial Background of the Forms of Marriages - An Ancient India
_cby Haramba Chatterjee Sastri
260 _aCalcutta
_bSanskrit Pustak Bhandar
_c1972
300 _axvi,368p.
490 _vVol. I
942 _cTEXL
_hY217.B'C, N72:1
999 _c1449483
_d1449483